000
00305nam a22001337a 4500
008
160504b xxu||||| |||| 00| 0 eng d
020
_a
9780073515458
020
_a
0073515450
020
_a
9780073515458
041
_a
eng
080
_a
612.39
245
_a
Nutrition:
_c
Annual Editions;
942
_2
udc
_c
BK
999
_c
1778
_d
1778